Sehenswürdigkeiten Österreichs #2 - Statistiken

Allgemein
  • Dieses Quiz wurde 94 mal gespielt
  • Das Durchschnittsergebnis liegt bei 4 aus 12
Antwortstatistiken
Bildquiz Antwort % Korrekt
Hohensalzburg
59%
Mozart-Geburtshaus
57%
Getreidegasse
53%
Krimmler Wasserfälle
49%
Bad Gastein
38%
Hangar 7
36%
Schloss Mirabell
29%
Salzburger Dom
25%
Hohenwerfen
21%
Schloss Hellbrunn
21%
Schanze Bischofshofen
14%
Thun-Klamm
3%
Keine übereinstimmenden Quizze gefunden
Verteilung der Resultate
Anzahl Personen mit jedem Resultat
Perzentil nach korrekt beantworteten Fragen
Ihre Resultats-Entwicklung
Sie haben dieses Quiz noch nicht gespielt